A carregar...
Literary Infinities : number and narrative in Modern Fiction
| Autor principal: | |
|---|---|
| Formato: | Printed Book |
| Publicado em: |
New York
Bloomsbury Academic
2018
|
| LEADER | 00464nam a22001337a 4500 | ||
|---|---|---|---|
| 999 | |c 271142 |d 271142 | ||
| 020 | |a 9781501352591 | ||
| 082 | |a 809.915 BRI(TB) | ||
| 100 | |a Brits,Baylee | ||
| 245 | |a Literary Infinities : |b number and narrative in Modern Fiction | ||
| 260 | |a New York |b Bloomsbury Academic |c 2018 | ||
| 300 | |a 209p | ||
| 942 | |c BK | ||
| 952 | |0 0 |1 0 |4 0 |6 809_915000000000000_BRILTB |7 0 |9 288151 |a ENG |b ENG |d 2020-02-15 |l 0 |o 809.915 BRI-L(TB) |p ENG15447 |r 2020-02-15 |w 2020-02-15 |y TB | ||